| 000 | 00553nam a2200205 4500 | ||
|---|---|---|---|
| 003 | SEACOMEC | ||
| 005 | 20240405161625.0 | ||
| 008 | 240327b |||||||| |||| 00| 0 eng d | ||
| 020 | _cRs.250.00 | ||
| 040 | _aSEACOMEC | ||
| 041 | _aEnglish | ||
| 082 |
_a621.3 _bT398 |
||
| 100 | _a Theraja, B. L. | ||
| 245 |
_aA Textbook of Electrical Technology :Vol-3 _cBL Theraja and A.K. Theraja |
||
| 260 |
_aNew Delhi _bS. Chand Publishing _c2006 |
||
| 300 | _a2016p; Vol.3 | ||
| 650 | _aElectrical Engineering | ||
| 700 | _a Theraja, A.K. | ||
| 942 | _cBOOK | ||
| 999 |
_c844 _d844 |
||